| 000 | 00469nam a2200169Ia 4500 | ||
|---|---|---|---|
| 008 | 230917s9999||||xx |||||||||||||| ||und|| | ||
| 020 | _cRS650 | ||
| 040 |
_e211214 _aMAIN |
||
| 041 | _aEnglish | ||
| 082 | _a355.0218 R146M | ||
| 100 | _aRammohan, E N, ed. | ||
| 245 | 0 | _aMaoist insurgency India`s internal security architecture | |
| 260 |
_aNew Delhi _bVij Books _c2012 |
||
| 300 | _ax, 135 p. | ||
| 500 | _a3632 21/10/2013 426 25/10/2013 Main Budget | ||
| 942 | _cBK | ||
| 999 |
_c32908 _d32908 |
||